Tác động của phân tầng mức sống vào quá trình phát triển văn hóa nông thôn

Phân tích tình hình phân tầng mức sống ở nông thôn đồng bằng sông Hồng; Những tác động của phân tầng mức sống tới sự phát triển văn hoá và một số áp dụng của việc phân tầng xã hội trong thực tiễn của Việt Nam...

Ausführliche Beschreibung

Gespeichert in:
Bibliographische Detailangaben
1. Verfasser: Trần, Thị Lan Hương
Format: Buch
Sprache:Undetermined
Veröffentlicht: Hà Nội Văn hóa Thông tin 2000
Schlagworte:
Tags: Tag hinzufügen
Keine Tags, Fügen Sie den ersten Tag hinzu!
Thư viện lưu trữ: Trung tâm Học liệu Trường Đại học Cần Thơ
LEADER 01030nam a2200217Ia 4500
001 CTU_43746
008 210402s9999 xx 000 0 und d
020 |b 26000 
082 |a 307.72 
082 |b H561 
100 |a Trần, Thị Lan Hương 
245 0 |a Tác động của phân tầng mức sống vào quá trình phát triển văn hóa nông thôn 
245 0 |c Trần Thị Lan Hương 
260 |a Hà Nội 
260 |b Văn hóa Thông tin 
260 |c 2000 
520 |a Phân tích tình hình phân tầng mức sống ở nông thôn đồng bằng sông Hồng; Những tác động của phân tầng mức sống tới sự phát triển văn hoá và một số áp dụng của việc phân tầng xã hội trong thực tiễn của Việt Nam 
650 |a Rural conditions,Rural development 
650 |x Vietnam 
904 |i Minh, 011005 
980 |a Trung tâm Học liệu Trường Đại học Cần Thơ